000 00653nam a2200205Ia 4500
003 GCL
005 20240530103553.0
008 140319s9999 xx 000 0 ara d
040 _aGCL /
_cGCL
082 0 4 _a615.88
_bع ا
100 1 _aعلى عبدالله الدفاع
245 1 0 _aاسهام علماء العرب والمسلمين فى الصيدلة /
_cعلى عبدالله الدفاع
300 _a459 ص
650 0 4 _aالطب العربى
650 0 4 _aالاسلام والعلم
650 0 4 _aالعلوم عند العرب
650 0 4 _aالعلماء العرب
650 0 4 _aالصيدليون العرب
942 _2ddc
_cBK
999 _c40769
_d40769